La investigación-acción en tres modelos de construcción el conocimiento /

محفوظ في:
التفاصيل البيبلوغرافية
المؤلف الرئيسي: Fernández Rincón, Héctor Hernando
التنسيق: نص
منشور في: Panamá: Universidad de Panamá
الموضوعات:
الوسوم: إضافة وسم
لا توجد وسوم, كن أول من يضع وسما على هذه التسجيلة!

MARC

LEADER 00000 a a2200000 04500
001 46215
003
040
090 |a REV1592 (49)  
100 |a Fernández Rincón, Héctor Hernando  
245 |a La investigación-acción en tres modelos de construcción el conocimiento /  |c Héctor Hernando Fernández Rincón  
260 |a Panamá:   |b Universidad de Panamá  
650 |a INVESTIGACION SOCIAL  
650 |a METODOS DE INVESTIGACION  
650 |a CIENCIAS SOCIALES  
650 |a EPISTEMOLOGIA  
773 |g número49 (1993) IV EPOCA  
999 |c 36850  |d 36850